LIBRARY & INFORMATION CENTRE, KCAET, TAVANUR

ONLINE PUBLIC ACCESS CATALOGUE (OPAC)

Effect of distributor on flow rate and emitter hydraulics of trickle irrigation system (Record no. 15330)

MARC details
000 -LEADER
fixed length control field 00517nam a22001697a 4500
082 ## - DEWEY DECIMAL CLASSIFICATION NUMBER
Classification number 631.587
Item number BIN/EF
100 ## - MAIN ENTRY--AUTHOR NAME
Personal name BINI SAM
245 ## - TITLE STATEMENT
Title Effect of distributor on flow rate and emitter hydraulics of trickle irrigation system
260 ## - PUBLICATION, DISTRIBUTION, ETC. (IMPRINT)
Place of publication Tavanur
Name of publisher Kelappaji College of Agricultural Engineering and Technology
Year of publication 1990
300 ## - PHYSICAL DESCRIPTION
Number of Pages 50
500 ## - GENERAL NOTE
General note project report
520 ## - SUMMARY, ETC.
Summary, etc project report
700 ## - ADDED ENTRY--PERSONAL NAME
Personal name Jacob George
700 ## - ADDED ENTRY--PERSONAL NAME
Personal name Mini, V. K
700 ## - ADDED ENTRY--PERSONAL NAME
Personal name Padmini, V. G
942 ## - ADDED ENTRY ELEMENTS (KOHA)
Koha item type Project Report
Holdings
Withdrawn status Lost status Damaged status Home library Current library Date acquired Full call number Accession Number Koha item type
      KAUAET KAUAET 05/01/1990 631.587 BIN/EF 16577 Project Report
free website counter